000 004320000a22001810004500
003 MACL
005 20160130142914.0
008 160130b xxu||||| |||| 00| 0 eng d
040 _aMACL
_cMACL
041 _aEnglish
082 _a823/BPA
100 _aSparks, Nicholas
_936133
245 _aA Walk to Remember
260 _bBantam Books
_c2000
_aBritain
350 _a258
650 _aFiction
_936134
942 _cBK
_k823/SPA
_2ddc
999 _c31093
_d31093